000 00966 a2200445 4500
000 BKB
001 133120
005 20200902152046.0
008
010 _a
020 _a9780821848531
082 _a515.076
_bK11P
100 1 _aKaczor,W. J.
110 _a
245 1 _aProblems in mathematical analysis III : Integration
_cby Kaczor W. J. and Nowak M.T.
250 _a
260 _aRhode Islan
_bAmerican Mathematical Society
_c2009
300 _a356p.
490 _a
_v
500 _a
600 _a
610 _a
611 _a
630 _aMathematics
650 _a
651 _a
654 _a
690 _aMathematical analysis; Differentiable functions
700 _aNowak, M.T.
_b
_c
710 _a
_b
_c
711 _a
720 _a
730 _a
740 _a
752 _a
856 _a
_d
_f
904 _a
964 _a
_b
_c
_d
_e
_f
_g
965 _a
999 _c7448
_d7448